书目信息 |
| 题名: |
李登海
|
|
| 作者: | 鞠慧 著 | |
| 分册: | ||
| 出版信息: | 北京 党建读物出版社 2023.11 |
|
| 页数: | 156页 | |
| 开本: | 19cm | |
| 丛书名: | 中华人物故事汇 | |
| 单 册: | ||
| 中图分类: | K826.16 | |
| 科图分类: | ||
| 主题词: | 传记小说--中国--当代 , 中篇小说--中国--当代 | |
| 电子资源: | ||
| ISBN: | 978-7-5448-8401-3 | |
| 000 | 00776nam0 2200277 450 | |
| 001 | 012959482 | |
| 005 | 20250923060623.1 | |
| 010 | @a978-7-5448-8401-3@dCNY25.00 | |
| 100 | @a20240605d2024 cemy0chiy0120 ea | |
| 101 | 0 | @achi |
| 102 | @aCN@b110000@b450000 | |
| 105 | @aa z 000ay | |
| 106 | @ar | |
| 200 | 1 | @a李登海@9li deng hai@e玉米高产的魔法师@f鞠慧著 |
| 210 | @a北京@c党建读物出版社@a南宁@c接力出版社@d2023.11 | |
| 215 | @a156页@c图@d19cm | |
| 225 | 1 | @a中华人物故事汇 |
| 225 | 1 | @a中华先锋人物故事汇 |
| 461 | 0 | @12001 @a中华先锋人物故事汇 |
| 586 | @a | |
| 606 | 0 | @a传记小说@y中国@z当代 |
| 606 | 0 | @a中篇小说@y中国@z当代 |
| 690 | @aK826.16@v5 | |
| 701 | 0 | @a鞠慧@9ju hui@4著 |
| 801 | 0 | @aCN@c20250923 |
| 905 | @a河南城建学院图书馆@dK826.16@eL142@f1 | |
| 李登海:玉米高产的魔法师/鞠慧著.-北京:党建读物出版社;南宁:接力出版社,2023.11 |
| 156页:图;19cm.-(中华人物故事汇).-(中华先锋人物故事汇) |
| ISBN 978-7-5448-8401-3:CNY25.00 |
| ● |
| 相关链接 |
|
|
|
正题名:李登海
索取号:K826.16/L142
 
预约/预借
| 序号 | 登录号 | 条形码 | 馆藏地/架位号 | 状态 | 备注 |
| 1 | 1555530 | 215555307 | 社科库309/309社科库 55排6列1层/ [索取号:K826.16/L142] | 在馆 |